000 00375nam a22001697a 4500
999 _c10942
_d10942
003 OSt
008 210915b ||||| |||| 00| 0 eng d
020 _a9781787013698
082 _a320.4741
_bIOI
100 _aBINDLOSS, Joe
245 _aLonely Planet India
250 _a18th
260 _bLonely Pub.
_c2019
300 _a1253
650 _aYearbook
942 _2ddc
_cBK